000 00733nam a2200253 a 4500
001 19290
003 BD-RjUL
005 20211209000418.0
008 140223r19671963enk b 000 0 eng d
035 _aoxf98605513
_a(BD-RjUL)19348
040 _aSJD
_dm.c
_dBD-RjUL
_beng
_cBD-RjUL
041 _aeng
082 _a822.33
_bMUS 1967
090 _aPR2750
_b.B07 1965
100 1 _aMuir, Kenneth
_959331
245 1 0 _aShakespeare : Hamlet /
260 _aLondon :
_bEdward Arnold Ltd.,,
_c1963 [Reprinted 1967].
300 _a61p. ;
_c22 cm
490 1 _aShakespeare quarto facsimilies ;
_vno. 7
650 _aDrama
_959332
650 _aLiteratura
_950332
700 1 _aShakespeare, William,
_d1875-1959.
_959333
942 _2ddc
_cBK
999 _c19290
_d19290